000 00727nam a2200217Ia 4500
003 GCL
005 20240530103443.0
008 140319s9999 xx 000 0 ara d
040 _aGCL /
_cGCL
082 0 4 _a813.08
_bل ر
100 1 _aلوكاش، جورج
245 1 0 _aالرواية التاريخية /
_cلوكاش، جورج ، ترجمة صالح جواد الكاظم
250 _aط2
260 _aبغداد :
_bدار الشؤون الثقافية العامة ،
_c1987
300 _a384 ص ؛
_c24 سم
650 0 4 _aالادب العربى
650 0 4 _aالقصص التاريخية
650 0 4 _aالادب التاريخى
700 1 _aصالح جواد الكاظم
_eمترجم
942 _2ddc
_cBK
999 _c39539
_d39539